000 01625nam a2200361Ic 4500
001 58433
003 CO-BoRNBP
005 20250822155932.0
007 ta
008 160601s2003 ck g 000 0 spa
020 _a9580475784
040 _aCO-BoRNBP
_bspa
_erda
_cCO-BoRNBP
041 _aspa
084 _aC
100 _aSinger, Isaac Bashevis,
_d1904-1991
_eaut
_963187
245 1 3 _aLa muerte de Matusalén y otros cuentos /
_cIsaac Bashevis Singer ; traducción Marcelo Birmajer.
250 _a1a. edición
264 1 _aBogotá, Colombia :
_bNorma,
_c2003
300 _a255 páginas
336 _atexto
_btxt
_2rdacontent
337 _asin mediación
_bn
_2rdamedia
338 _avolumen
_bnc
_2rdacarrier
490 0 _aLa otra orilla
505 0 _aEl judío de Babilonia -- El amigo de la casa -- Entierro en el mar -- El recluso -- Disfrazado -- El acusado y el acusador -- La trampa -- El contrabandista -- La mirilla en el portal -- La amarga verdad -- El empresario -- Logaritmos -- Regalo
534 _tThe death of Methuselah and other stories
650 0 7 _aAmistad en la literatura
_2LEMB
_970
650 0 7 _aContrabando en la literatura
_2lemb
_963188
650 0 4 _aCuentos polacos
_ySiglo XX
_2LEMB
_963189
650 0 4 _aLiteratura polaca
_ySiglo XX
_2LEMB
_963190
700 _aBirmajer, Marcelo,
_d1966-
_etrl
_92588
740 0 _aEl judío de Babilonia;\\
_aEl amigo de la casa;\\
_aEntierro en el mar;\\
_aEl recluso;\\
_aDisfrazado;\\
_aEl acusado y el acusador;\\
_aLa trampa;\\
_aEl contrabandista;\\
_aLa mirilla en el portal;\\
_aLa amarga verdad;\\
_aEl empresario;\\
_aLogaritmo
942 _2loc
_cBKLIT
999 _c58433
_d58433